000 00341 a2200169 4500
001 61902
020 _a9788575961834
040 _cAnchieta - Pituba
100 _aGuazzelli
240 1 0 _aDemônios
_lpor
245 1 0 _aDemônios
300 _a
362 0 _a2010
440 1 _aPeirópolis
650 4 _aLiteratura juvenil
942 _cBK
999 _c61902
_d61902